00956 a2200145 4500003000500000005001700005040000900022082001500031100002000046245010800066250001300174300001800187505059200205650001300797NUST20221118124714.0 cNust a515.15,THO aThomas/ Finney  aThomas' calculus / cGeorge B. Thomas, Jr., as revised by Maurice D. Weir, Joel Hass, Frank R. Giordano a10th ed. axxv, 1256 p.: aPreliminaries (Page-1) Limits and Continuity (Page-85) Derivatives (Page-147) Applications of Derivatives (Page-225) Integration (Page-313) Applications of Integrals (Page-393) Transcendental functions and differential Equations (Page-457) Integration techniques, L’Hopital’s Rule’ and Integrals (Page-539)Infinite Series (Page-607)Vectors in the Plane and Polar Functions (Page-717) Vectors and Motion in Space (Page-787) , Multi variable Functions and Their Derivatives (Page-873), Multiple Integrals (Page-975), Integration in Vector Fields (Page-1053), Appendices (Page-1143).  aCalculus